[Event "Reykjavik Chess Congress 2018"]
[Site "Reykjavik"]
[Date "2018.01.31"]
[Round "6"]
[White "Jonsson, Gauti Pall"]
[Black "Fridjonsson, Julius"]
[Result "1-0"]
[WhiteElo "2161"]
[BlackElo "2137"]
[Annotator "TA"]
[PlyCount "77"]
[EventDate "2018.??.??"]
[EventType "swiss"]
[EventCountry "ISL"]
[SourceTitle "playchess.com"]
[Source "ChessBase"]
[SourceQuality "1"]

{[%evp 29,77,29,45,33,37,43,41,-7,22,-76,-67,-93,-47,-148,-163,-160,-166,-156,-160,-169,-156,-151,-157,-145,-175,-152,-158,-223,-201,-268,-258,-475,-478,-474,-465,-508,-421,-703,-704,-703,-521,-521,-502,-745,-733,-760,-766,-687,-674,-29994]} 1. e4 c6 2. Nc3 d5 3. Nf3 Bg4 {[%cal Bc8g4,Bg4h5,Bh5g6][%mdl 32]} 4. h3 Bh5 5. exd5 cxd5 6. Bb5+ Nc6 7. g4 Bg6 8. Ne5 Rc8 9. d4 e6 10. h4 f6 11. Nxg6 hxg6 12. Qd3 Kf7 13. Bxc6 Rxc6 14. Bd2 {B11: Caro-Kann: Two Knights Variation} (14. Ne2 Bd6 15. Bf4 Ne7 16. Bxd6 Qxd6 17. O-O-O a6 18. Kb1 b5 19. h5 Rcc8 20. f4 Qc7 21. hxg6+ Nxg6 {0-1 (47) Abreu Delgado,A (2452)-Barbosa,O (2518) chess.com INT 2017}) 14... Bd6 15. O-O-O Ne7 {LiveBook: 3 Games} 16. f4 {White is slightly better.} Qd7 17. Kb1 a6 18. Rh2 $146 ({Predecessor:} 18. Ne2 Qc7 19. Rc1 b5 20. Qe3 Rc4 21. Ng3 Qd7 {½-½ (39) Kolasinski,M (2257)-Cyborowski,L (2411) Polanczyk 2000}) 18... g5 {[%cal Bg6g5,Bg5f4][%mdl 32]} 19. Rh3 (19. Qg3 $11) 19... gxf4 $17 20. Rf1 b5 {[%cal Bb7b5,Bb5b4][%mdl 32]} 21. h5 ({White should play} 21. Bxf4 $15 Bxf4 22. Rxf4) 21... b4 $36 {[%mdl 2048] Black is on the roll.} 22. Ne2 e5 23. dxe5 fxe5 24. Bxf4 exf4 25. Nxf4 Bxf4 26. Rxf4+ Rf6 27. Rhf3 Qd6 28. Rxf6+ (28. Qe3 $17) 28... gxf6 $19 29. a3 bxa3 30. c4 $2 (30. Qxa3 Qxa3 31. Rxa3) 30... Qe5 {[%csl Ga3][%cal Re5b2] [#] Black is clearly winning.} 31. Qxa3 {Now Re3 and White clings on.} Qe4+ 32. Ka1 {intending Re3.} Qxc4 33. Qd6 (33. Qc3 $142 Qxc3 34. bxc3) 33... Qa4+ 34. Ra3 Qd1+ 35. Ka2 Qxg4 36. Rxa6 Qf5 37. Ra7 Qe5 38. Qd7 Qe6 39. Ra8 {[%mdl 32768] Precision: White = 21%, Black = 82%. . Loss on Time!?} 1-0

[Event "Reykjavik Chess Congress 2018"]
[Site "Reykjavik"]
[Date "2018.01.31"]
[Round "6"]
[White "Birkisson, Bjorn Holm"]
[Black "Heimisson, Hilmir Freyr"]
[Result "1/2-1/2"]
[WhiteElo "2084"]
[BlackElo "2136"]
[Annotator "TA"]
[PlyCount "46"]
[EventDate "2018.??.??"]
[EventType "swiss"]
[EventCountry "ISL"]
[SourceTitle "playchess.com"]
[Source "ChessBase"]
[SourceQuality "1"]

{[%evp 29,46,0,0,0,0,0,0,0,0,0,0,0,0,0,0,0,0,0,0]} 1. Nf3 d5 2. c4 e6 3. g3 Nf6 4. Bg2 Be7 5. O-O O-O 6. b3 c5 7. Bb2 Nc6 8. e3 d4 9. exd4 cxd4 10. Re1 Re8 11. d3 Bf8 {A14: English Opening: 1...e6 with b3 by White} (11... Bc5 12. Ba3 Nd7 13. Nfd2 Nb4 14. Ne4 a5 15. f4 Be7 16. Bb2 Nc6 17. a3 b6 18. Nd6 Bxd6 19. Bxc6 {½-½ (54) Robson,R (2668)-So,W (2822) Saint Louis 2017}) 12. a3 a5 13. Ne5 Nxe5 14. Rxe5 Nd7 {[%cal Bf6d7,Bd7c5,Bc5a6,Ba6c7,Bc7d5][%mdl 32]} 15. Rb5 Nc5 {LiveBook: 14 Games. The position is equal.} 16. b4 axb4 17. axb4 Rxa1 18. Bxa1 Na6 19. Bb2 Nc7 {[#]} 20. Rb6 $146 Nd5 21. Rb5 Nc7 22. Rb6 Nd5 23. Rb5 Nc7 1/2-1/2

[Event "Reykjavik Chess Congress 2018"]
[Site "Reykjavik"]
[Date "2018.01.31"]
[Round "6"]
[White "Mai, Aron Thor"]
[Black "Jensson, Einar Hjalti"]
[Result "1-0"]
[WhiteElo "2066"]
[BlackElo "2336"]
[Annotator "TA"]
[PlyCount "96"]
[EventDate "2018.??.??"]
[EventType "swiss"]
[EventCountry "ISL"]
[SourceTitle "playchess.com"]
[Source "ChessBase"]
[SourceQuality "1"]

{[%evp 21,96,29,55,39,43,37,82,86,89,68,62,46,50,35,55,46,35,-107,-114,-339,-335,-401,-391,-648,-674,-629,-618,-841,-862,-813,-843,-1123,-1100,-966,-859,-1242,-731,-1808,-1738,-1948,-1948,-2225,-2197,-2977,-2901,-29967,-29963,-29988,-29983,-29980,-10200,-29962,-29961,-29954,-29953,-12843,-29944,-2307,-1587,-29966,-29963,-29956,-29961,-29950,-29938,-29976,-1289,-29974,-29975,-29984,-29985,-29986,-29987,-29988,-29989,-29989,-29990]} 1. e4 c5 2. Nf3 e6 3. d3 Nc6 4. g3 g6 5. Bg2 Bg7 6. O-O Nge7 7. Re1 O-O 8. c3 e5 9. a3 d6 10. Nbd2 Kh8 {A04: Unusual lines after 1 Nf3 and King's Indian Attack} (10... b5 11. b4 cxb4 12. axb4 a5 13. Nb3 Be6 14. Nxa5 Nxa5 15. bxa5 Rxa5 16. Bd2 Rxa1 17. Qxa1 Qc7 18. Rb1 {½-½ (55) Piorun,K (2638)-Mastrovasilis,D (2580) Poland 2017}) 11. b4 f5 {LiveBook: 3 Games} 12. Nb3 fxe4 {White is slightly better.} 13. dxe4 c4 {[#]} 14. Nbd2 $1 Be6 15. Ng5 $146 ({Predecessor:} 15. a4 a6 16. a5 Na7 17. Qe2 Qc7 18. Ng5 {½-½ (61) Ansell,S (2383)-Chandler,M (2527) Birmingham 2000}) 15... Bg8 $1 16. Qg4 b5 17. a4 bxa4 18. Qh3 ({Don't play} 18. Rxa4 a5 $15) 18... a5 19. Nxc4 (19. b5 $1 $14 Na7 20. Bf1) 19... axb4 $17 20. Rd1 $2 {[#]} (20. Ne6 $17 Bxe6 21. Qxe6) 20... bxc3 $19 {[%cal Bb4c3,Bc3c2][%mdl 32]} 21. Ba3 Nc8 22. f4 $2 (22. Ne6 Bxe6 23. Qxe6) 22... exf4 23. gxf4 Rxf4 24. Ne6 Bxe6 25. Qxe6 c2 26. Rdc1 Nd4 27. Qd5 Ne7 28. Qg5 Nef5 29. Qxf4 Ne2+ 30. Kh1 Nxf4 31. exf5 Nxg2 32. Nxd6 Qc7 33. Kxg2 Rd8 34. Ra2 Rxd6 35. Bxd6 Qxd6 (35... Qc6+ $142 36. Kh3 Qf3+ 37. Bg3 Qxf5+ 38. Kg2 Qd5+ 39. Kh3 Qd7+ 40. Kg2 Qd2+ 41. Kf3 Qxc1 42. Kg2 Qd2+ 43. Bf2 Qd5+ 44. Kg3 Be5+ 45. Kh3 c1=Q 46. Rxa4 Qf3+ 47. Bg3 Qcf1+ 48. Kh4 Qh5#) 36. Rcxc2 Qd5+ 37. Kg3 Be5+ 38. Kf2 Qd4+ 39. Ke2 Qe4+ 40. Kd1 Qh1+ 41. Ke2 Qxh2+ 42. Kd3 Qh3+ 43. Kc4 Qb3+ 44. Kc5 a3 {Black mates.} 45. fxg6 Bb2 46. g7+ Kg8 47. Re2 Qc3+ 48. Kb6 Qb4+ {[%mdl 32768] Precision: White = 24%, Black = 80%. . Loss on Time!?} 1-0

[Event "Reykjavik Chess Congress 2018"]
[Site "Reykjavik"]
[Date "2018.01.31"]
[Round "6"]
[White "Baldursson, Haraldur"]
[Black "Halldorsson, Bragi"]
[Result "0-1"]
[WhiteElo "1942"]
[BlackElo "2082"]
[Annotator "NA RC"]
[PlyCount "59"]
[EventDate "2018.??.??"]
[EventType "swiss"]
[EventCountry "ISL"]
[SourceTitle "playchess.com"]
[Source "ChessBase"]
[SourceQuality "1"]
[TimeControl "40/5400+30:900+30"]

1. d4 {[%emt 0:09:09]} Nf6 {[%emt 0:01:18]} 2. Nf3 {[%emt 0:00:22]} d5 {[%emt 0:00:44]} 3. c4 {[%emt 0:01:32]} c6 {[%emt 0:00:12]} 4. Nc3 {[%emt 0:02:11]} dxc4 {[%emt 0:01:50]} 5. a4 {[%emt 0:02:04]} Bf5 {[%emt 0:00:55]} 6. Ne5 {[%emt 0:05:13]} Na6 {[%emt 0:00:31]} 7. f3 {[%emt 0:03:05]} Nd7 {[%emt 0:01:43]} 8. Nxc4 {[%emt 0:09:12]} e5 {[%emt 0:02:29]} 9. e4 {[%emt 0:09:37]} exd4 {[%emt 0:00:40]} 10. Qxd4 {[%emt 0:03:14]} Nb4 {[%emt 0:01:29]} 11. Qd1 {[%emt 0:11:47]} Be6 {[%emt 0:00:20]} 12. Bf4 {[%emt 0:03:51]} Nc5 {[%emt 0:01:10]} 13. Nd6+ {[%emt 0:22:25]} Bxd6 {[%emt 0:00:17]} 14. Bxd6 {[%emt 0:00:39]} Ncd3+ {[%emt 0:00:43]} 15. Bxd3 {[%emt 0:00:29]} Qxd6 {[%emt 0:00:11]} 16. Be2 {[%emt 0:04:40]} Qc5 {[%emt 0:00:41]} 17. Ra3 {[%emt 0:03:11]} Rd8 {[%emt 0:01:34]} 18. Qc1 {[%emt 0:03:40]} O-O {[%emt 0:00:49]} 19. Kf1 {[%emt 0:00:53]} Rd7 {[%emt 0:03:16]} 20. Na2 {[%emt 0:01:29]} Qxc1+ {[%emt 0:00:42]} 21. Nxc1 {[%emt 0:00:02]} Rd2 {[%emt 0:00:19]} 22. b3 {[%emt 0:01:00]} Rfd8 {[%emt 0:01:54]} 23. Kf2 {[%emt 0:00:56]} Rb2 {[%emt 0:01:38]} 24. Kg3 {[%emt 0:00:29]} Rdd2 {[%emt 0:01:19]} 25. Bf1 {[%emt 0:00:45]} Nc2 {[%emt 0:01:17]} 26. Ra2 {[%emt 0:00:15]} Rxa2 {[%emt 0:01:02]} 27. Nxa2 {[%emt 0:00:03]} Ne3 {[%emt 0:02:30]} 28. Nc3 {[%emt 0:00:45]} Bxb3 {[%emt 0:00:40]} 29. Kf4 {[%emt 0:00:28]} Nd1 {[%emt 0:02:14]} 30. Be2 0-1

[Event "Reykjavik Chess Congress 2018"]
[Site "Reykjavik"]
[Date "2018.01.31"]
[Round "6"]
[White "Ulfljotsson, Jon"]
[Black "Stefansson, Vignir Vatnar"]
[Result "1/2-1/2"]
[WhiteElo "1687"]
[BlackElo "2304"]
[Annotator "NA RC"]
[PlyCount "63"]
[EventDate "2018.??.??"]
[EventType "swiss"]
[EventCountry "ISL"]
[SourceTitle "playchess.com"]
[Source "ChessBase"]
[SourceQuality "1"]
[TimeControl "40/5400+30:900+30"]

1. d4 {[%emt 0:00:00]} f5 {[%emt 0:00:33]} 2. Nf3 {[%emt 0:00:05]} Nf6 {[%emt 0:00:29]} 3. g3 {[%emt 0:00:24]} g6 {[%emt 0:00:30]} 4. Bg2 {[%emt 0:01:12]} Bg7 {[%emt 0:00:37]} 5. O-O {[%emt 0:01:13]} O-O {[%emt 0:00:25]} 6. c4 {[%emt 0:02:01]} d6 {[%emt 0:00:29]} 7. Nc3 {[%emt 0:01:45]} c6 {[%emt 0:00:30]} 8. Qc2 {[%emt 0:01:23]} Na6 {[%emt 0:02:59]} 9. a3 {[%emt 0:02:15]} Qe8 {[%emt 0:01:52]} 10. Bg5 {[%emt 0:07:02]} e5 {[%emt 0:03:07]} 11. Bxf6 {[%emt 0:05:10]} Bxf6 {[%emt 0:00:09]} 12. e3 {[%emt 0:04:41]} Be6 {[%emt 0:02:20]} 13. b3 {[%emt 0:03:59]} g5 {[%emt 0:03:07]} 14. d5 {[%emt 0:05:48]} Bd7 {[%emt 0:00:28]} 15. Rad1 {[%emt 0:02:48]} g4 {[%emt 0:00:43]} 16. Nd2 {[%emt 0:01:51]} e4 {[%emt 0:00:10]} 17. b4 {[%emt 0:03:30]} Qh5 {[%emt 0:00:15]} 18. Nb3 {[%emt 0:01:12]} Be5 {[%emt 0:00:18]} 19. c5 {[%emt 0:03:13]} dxc5 {[%emt 0:00:39]} 20. Nxc5 {[%emt 0:01:35]} Nxc5 {[%emt 0:00:06]} 21. bxc5 {[%emt 0:00:08]} Qf7 {[%emt 0:02:25]} 22. Rb1 {[%emt 0:04:34]} Rab8 {[%emt 0:00:22]} 23. dxc6 {[%emt 0:05:43]} Bxc6 {[%emt 0:00:12]} 24. Ne2 {[%emt 0:00:29]} Rbd8 {[%emt 0:02:02]} 25. Rfd1 {[%emt 0:02:13]} a6 {[%emt 0:01:30]} 26. Bf1 {[%emt 0:03:44]} Bb5 {[%emt 0:00:06]} 27. Nf4 {[%emt 0:01:56]} Bxf1 {[%emt 0:00:30]} 28. Kxf1 {[%emt 0:00:08]} Rc8 {[%emt 0:04:33]} 29. Rb6 {[%emt 0:05:06]} Rfd8 {[%emt 0:04:19]} 30. Rxd8+ {[%emt 0:01:53]} Rxd8 {[%emt 0:00:04]} 31. c6 {[%emt 0:00:21]} Rc8 {[%emt 0:01:54]} 32. Qa4 {[%emt 0:02:37]} 1/2-1/2

[Event "Reykjavik Chess Congress 2018"]
[Site "Reykjavik"]
[Date "2018.01.31"]
[Round "7"]
[White "Thorfinnsson, Bragi"]
[Black "Loftsson, Hrafn"]
[Result "1-0"]
[WhiteElo "2426"]
[BlackElo "2163"]
[Annotator "TA"]
[PlyCount "59"]
[EventDate "2018.??.??"]
[EventType "swiss"]
[EventCountry "ISL"]
[SourceTitle "playchess.com"]
[Source "ChessBase"]
[SourceQuality "1"]

{[%evp 18,59,-33,-35,-32,-35,0,-45,-13,-25,-7,-85,-54,-62,16,18,136,47,214,176,178,181,381,399,637,626,419,291,289,294,294,310,441,404,384,430,475,416,435,434,398,398,29990,29991]} 1. c4 c5 2. Nf3 g6 3. Nc3 Bg7 4. g3 Nc6 5. Bg2 e6 6. d3 Nge7 7. h4 {[%cal Bh2h4,Bh4h5][%mdl 32]} h6 {A37: Symmetrical English vs ...g6: 4 Bg2 Bg7 5 Nf3} 8. h5 (8. Bf4 d6 9. Qc1 b6 10. O-O Bb7 11. a3 Nf5 12. Rb1 a5 13. Nb5 Na7 14. Nxa7 Rxa7 15. e4 {½-½ (60) Wang,Y (2723)-Giri,A (2734) Beijing 2013}) 8... g5 9. Nxg5 hxg5 10. Bxg5 {LiveBook: 5 Games} f6 11. Bf4 {[#] Black must now prevent h6.} e5 $146 ({Predecessor:} 11... Nf5 12. Be4 Nce7 13. g4 e5 14. Bd2 Nh6 15. g5 fxg5 16. Bxg5 {1-0 (33) Schreiner,P (2371)-Hebesberger,T (2329) Austria 2012}) 12. Bd2 (12. h6 $5 {[%cal Rh6g7]}) 12... d6 13. h6 Bf8 14. Nd5 (14. Ne4 $11) 14... Nxd5 $17 15. cxd5 Ne7 (15... Nd4 $15) 16. e4 $36 {[%cal Be2e4,Be4d5][%mdl 2080] Qh5+ is the strong threat. White has some pressure.} Kd7 (16... Rh7 $1 $11 {remains equal.}) 17. b4 ({White must play} 17. Qf3 $16) 17... b6 $2 ({Better is} 17... Kc7 $14) 18. bxc5 dxc5 19. d4 Nxd5 $2 (19... Kc7) 20. exd5 $18 Bd6 (20... Bb7 $142 21. h7 Kc7) 21. dxc5 Bxc5 22. Qa4+ Ke7 {[#]} 23. d6+ $1 {[%mdl 512]} Qxd6 (23... Bxd6 24. Bxa8) 24. Bxa8 Bxf2+ (24... Bd7 {might work better.} 25. Qxa7 Bxf2+ 26. Ke2 (26. Kxf2 Qxd2+ 27. Kf1 Qd3+ 28. Kf2 Rc8 $17) 26... Rxa8 27. Qxa8 Bg4+ 28. Kf1 (28. Kxf2 Qxd2+ 29. Kf1 Qd3+ 30. Kf2 Qd4+ 31. Kg2 Qd2+ 32. Kg1 Qe3+ 33. Kh2 Qxh6+ 34. Kg2 Qd2+ 35. Kf1 Qe2+ 36. Kg1 Qe3+ 37. Kg2 Qe2+ 38. Kg1 Qe3+ 39. Kf1 Qd3+ 40. Kg2 Qd2+ 41. Kg1 Qe3+ $11) 28... Qxd2 29. Qb7+ Kd6 30. Qb8+ Kd7 31. Qb7+ Kd6 32. Qb8+ Kd7 33. Qb7+ Kd6) 25. Ke2 (25. Kxf2 Qxd2+ 26. Kf1 Qd3+ 27. Kg2 Qd2+ 28. Kg1 Qe3+ 29. Kg2 (29. Kf1 Qd3+ 30. Kg2 Qd2+ 31. Kg1 Qe3+ 32. Kg2 Qd2+ $11) 29... Qd2+ 30. Kf1 Qd3+ 31. Kg2 Qd2+ $11) 25... Bd7 26. Qe4 Rxa8 27. Bb4 (27. Qxa8 Bb5+ 28. Kf3 Qd3+ 29. Kxf2 Qxd2+ 30. Kg1 Qe3+ 31. Kg2 Qd2+ 32. Kh3 Qxh6+ 33. Kg2 Qd2+ 34. Kg1 Qe3+ 35. Kh2 Qh6+ 36. Kg2 Qd2+ 37. Kg1 Qe3+ 38. Kh2 Qh6+ 39. Kg1 Qe3+ $11) 27... Bc5 {Hoping for ...Bb5+.} 28. Rad1 (28. Qxa8 {is a self mate.} Bb5+ 29. Kf3 Qd3+ 30. Kg4 Bd7+ 31. Kh4 Qd4+ 32. Qe4 Qxe4+ 33. Kh5 Qg4#) 28... Bb5+ 29. Kf3 f5 $2 (29... Qc6 $18 30. Bxc5+ Qxc5) 30. Qb7+ {Precision: White = 49%, Black = 16%.} (30. Rxd6 $2 {too greedy.} fxe4+ 31. Kxe4 Bxd6 $19) 1-0

[Event "Reykjavik Chess Congress 2018"]
[Site "Reykjavik"]
[Date "2018.01.31"]
[Round "7"]
[White "Jensson, Einar Hjalti"]
[Black "Ingvason, Johann"]
[Result "1-0"]
[WhiteElo "2336"]
[BlackElo "2161"]
[Annotator "TA"]
[PlyCount "77"]
[EventDate "2018.??.??"]
[EventType "swiss"]
[EventCountry "ISL"]
[SourceTitle "playchess.com"]
[Source "ChessBase"]
[SourceQuality "1"]

{[%evp 12,77,47,41,47,31,52,48,70,63,71,69,95,56,97,62,118,116,124,118,143,110,121,104,141,159,159,129,583,586,567,564,485,480,500,468,553,525,548,440,532,572,565,532,606,589,521,461,608,448,435,428,502,581,557,526,727,741,984,825,1408,1328,1431,1201,1628,1564,1127,1003]} 1. c4 e5 2. Nc3 Nf6 3. g3 Nc6 4. Bg2 Be7 5. Nf3 O-O 6. d4 exd4 7. Nxd4 {LiveBook: 4 Games} Bb4 {A25: English Opening vs King's Indian with ...Nc6 but without early d3} (7... Ne5 8. b3 d6 9. O-O c6 10. Qc2 a5 11. Rd1 Qc7 12. Bb2 Re8 13. Rd2 Bf8 14. Rad1 g6 15. h3 {1-0 (42) Medak,B (2382)-Sertic,R (2430) Sibenik 2011}) 8. O-O Bxc3 9. bxc3 Ne5 {White is slightly better.} 10. c5 $1 d6 {[#]} 11. cxd6 $1 cxd6 $146 ({Predecessor:} 11... Qxd6 12. Rb1 c6 13. Nf3 Qxd1 14. Rxd1 Ng6 15. Nd4 {1-0 (50) Kourkounakis,I (2300)-Simanjuntak,S Graz 1981}) 12. Qb3 Nfd7 13. Rd1 Nb6 ({Black should play} 13... Nc5 $14 14. Qd5 Na4) 14. a4 a5 15. Bf4 Ra6 16. Rab1 Qe7 17. Qa2 g5 18. Bc1 Rd8 19. h3 {[%cal Bh2h3,Bh3h4][%mdl 32]} Nc6 $2 {[%mdl 8192] [#]} (19... d5 $16 {is more resistant.} 20. Ba3 Qf6) 20. Bxc6 $18 {White is clearly winning.} bxc6 21. Nxc6 Qf6 {Now ...Re8 and Black clings on.} 22. Nxd8 Qxd8 23. Rd4 h6 24. h4 Be6 25. Qb2 Nd7 26. hxg5 Rb6 27. Qc2 hxg5 28. Rxb6 Nxb6 29. Qd2 d5 30. Qxg5+ Qxg5 31. Bxg5 {[%mdl 4096] Endgame KRB-KBN} Kf8 32. Bd8 Nc4 33. e4 Ne5 {Black hopes to continue with ...Nf3+.} 34. exd5 Nf3+ 35. Kg2 Nxd4 36. dxe6 ({Not} 36. cxd4 Bxd5+ 37. Kh3 Bc6 $16) 36... Nxe6 37. Bxa5 Ke7 38. Bb4+ Kd7 39. f4 {Precision: White = 75%, Black = 20%.} 1-0

[Event "Reykjavik Chess Congress 2018"]
[Site "Reykjavik"]
[Date "2018.01.31"]
[Round "7"]
[White "Stefansson, Vignir Vatnar"]
[Black "Ragnarsson, Dagur"]
[Result "0-1"]
[WhiteElo "2304"]
[BlackElo "2332"]
[Annotator "TA"]
[PlyCount "90"]
[EventDate "2018.??.??"]
[EventType "swiss"]
[EventCountry "ISL"]
[SourceTitle "playchess.com"]
[Source "ChessBase"]
[SourceQuality "1"]

{[%evp 11,90,22,49,30,34,27,39,19,30,27,35,30,37,31,30,22,32,19,25,26,26,25,41,31,39,14,29,35,23,29,29,33,58,52,76,75,73,-115,-106,-98,-98,-116,-94,-125,-133,-139,-105,-104,-99,-103,-98,-122,-108,-105,-112,-661,-666,-1297,-1297,-1223,78,78,78,-31,-36,-33,-31,-102,-128,-185,-172,-155,-160,-1902,-1853,-29974,-5798,-5798,-1281,-2895,-2404]} 1. d4 e6 2. c4 d5 3. Nc3 c6 4. e3 f5 5. Nf3 Bd6 6. Qc2 Nh6 {LiveBook: 4 Partien. A84: Holländische Verteidigung} (6... Nd7 7. h3 Ne7 8. Bd2 O-O 9. Bd3 Nf6 10. O-O-O b6 11. g4 Ba6 12. cxd5 Bxd3 13. Qxd3 cxd5 14. gxf5 Nxf5 {1-0 (54) Anton Guijarro,D (2564)-Granda Zuniga,J (2679) Madrid 2013}) 7. g3 $146 ({Vorgänger:} 7. Bd3 O-O 8. Bd2 Nd7 9. h3 Kh8 10. O-O-O Qe7 11. Kb1 b6 12. Ne2 Bb7 13. Nf4 Nf6 14. Ne5 Bxe5 15. dxe5 {1-0 (32) Toth,E (2477)-Pap,G (2566) Pardubice 2012}) 7... O-O 8. Bg2 b6 {Weiß hat minimalen Vorteil.} 9. Ne2 a5 10. O-O Ba6 11. b3 Nd7 12. Bb2 Nf7 13. Nf4 Qe7 14. h4 Rac8 15. Rac1 Nf6 16. Rfe1 Ne4 17. Bf1 Bb7 18. Qb1 g5 19. hxg5 Nfxg5 20. Nxg5 Nxg5 21. Bg2 Rf6 22. c5 bxc5 23. dxc5 Bc7 24. Qa1 $2 (24. Bxf6 $16 Qxf6 25. Qd3) 24... e5 $17 {[%cal Be6e5,Be5e4][%mdl 32]} 25. Nd3 {[%cal Rb2e5]} Nf7 $1 26. f4 {[%cal Rd3e5]} Rg6 27. Kh2 {[%cal Rd3e5]} e4 28. Nf2 h5 {Droht stark ...h4.} 29. Rg1 Kh7 30. Bf1 Rcg8 {Weiss muss nun ...h4 beachten.} 31. Be2 Bc8 32. Nh3 h4 33. gxh4 $2 {[%mdl 8192]} (33. Bh5 $17 hxg3+ 34. Kg2) 33... Qxh4 $19 34. Rxg6 Rxg6 35. Rg1 Nh6 $2 (35... Ng5 $1 $19 36. Rxg5 Rxg5) 36. Rxg6 $16 Kxg6 {[#]} 37. Qg1+ ({Weiss kommt nicht vorbei an} 37. Bh8 $1 $16 {[%csl Gh8][%cal Ra1g7]} Qe7 38. Kg3) 37... Ng4+ $15 38. Kg2 Bd8 $36 {[%mdl 2048] Schwarz hat Initiative.} 39. Bc1 (39. Bd4 $15) 39... Be7 $17 40. Ba3 (40. Bd2 $17) 40... Be6 {...d4! ist eine echte Drohung.} 41. Bxg4 fxg4 {[%cal Bf5g4,Bg4g3][%mdl 32] [#]} 42. Ng5 $2 (42. f5+ $1 $17 {[%mdl 512]} Kh6 (42... Bxf5 43. Nf4+) 43. Nf4 Bxf5 44. Qf2) 42... Bxg5 $19 43. fxg5 Qh3+ 44. Kf2 Qf3+ 45. Ke1 g3 {Precision: Weiß = 44%, Schwarz = 58%.} 0-1

[Event "Reykjavik Chess Congress 2018"]
[Site "Reykjavik"]
[Date "2018.01.31"]
[Round "7"]
[White "Olafsson, Thorvardur"]
[Black "Jonsson, Gauti Pall"]
[Result "1-0"]
[WhiteElo "2178"]
[BlackElo "2161"]
[Annotator "TA"]
[PlyCount "97"]
[EventDate "2018.??.??"]
[EventType "swiss"]
[EventCountry "ISL"]
[SourceTitle "playchess.com"]
[Source "ChessBase"]
[SourceQuality "1"]

{[%evp 12,97,55,0,15,12,6,-29,28,0,11,11,15,21,33,11,11,1,11,15,51,30,65,68,84,79,62,31,23,22,156,-28,-24,-20,-16,-22,-28,-38,-42,-47,-53,-60,-58,-66,-66,-63,0,0,0,0,0,0,0,0,16,0,182,176,270,283,284,275,299,238,231,0,318,217,218,220,264,253,359,355,320,348,333,306,452,402,383,383,609,614,904,891,838,829]} 1. e4 e6 2. d4 d5 3. Nc3 Bb4 4. e5 b6 5. Qg4 Bf8 6. Nh3 Qd7 7. Nf4 {LiveBook: 12 Games} ({White should try} 7. Be3 $14) 7... Nh6 {C16: French: 3 Nc3 Bb4 4 e5: Lines without ...c5} (7... Ba6 8. Bxa6 Nxa6 9. Qe2 Nb4 10. O-O Ne7 11. Rd1 g6 12. b3 Nf5 13. g4 Ng7 14. a3 Nc6 15. h3 {½-½ (15) Palac,M (2574)-Dizdar,G (2524) Sibenik 2005}) 8. Qh5 $146 ({Find the theoretical novelty and annotate with similar games:} 8. Qd1 Nc6 9. g4 f6 10. Bg2 Bb7 11. exf6 gxf6 12. Nh5 Qe7 13. Be3 O-O-O 14. Qe2 Na5 15. O-O-O {0-1 (36) Nieto,E (2238)-Sowray,P (2327) Gent 2008}) 8... Nc6 9. Bb5 Bb7 (9... Nf5 $142) 10. g4 O-O-O 11. Nd3 g6 12. Qh4 Ng8 $1 13. Bg5 Be7 14. O-O-O Bxg5+ 15. Qxg5 h6 16. Qf4 (16. Qe3 {NOTEXT} h5 17. f3 Qe7 18. h3 Na5 19. Qf2) 16... g5 17. Qf3 Qe7 18. Bxc6 Bxc6 19. Ne2 Rf8 20. Ng3 f5 (20... Kb7 $11) 21. exf6 $2 ({Only move:} 21. gxf5 $16 {Hoping for f6.} exf5 22. h4 (22. Nxf5 Qf7 $17)) 21... Nxf6 $11 22. Ne5 Be8 {Threatening ...h5.} 23. Qd3 Kb7 24. Rde1 Nd7 25. f3 Rf6 26. Nxd7 Qxd7 27. Re3 Bg6 28. Qe2 Qa4 ({Black should play} 28... h5 $15) 29. Ra3 Qxd4 30. Qa6+ Kc6 31. Rc3+ Kd6 32. Qxa7 {[%csl Gc3][%cal Ra7c7] [#]} Qf4+ 33. Kb1 {[%csl Gc3][%cal Ra7c7]} Kd7 $2 (33... Rc8 $11 {and Black is okay.}) 34. Ne2 $36 {[%mdl 2048] White has strong initiative.} Qd6 {[#]} (34... Qe5 $142) 35. Nd4 $1 {[%cal Rd4b5]} Rc8 36. Qb7 Rff8 37. Nb5 Qe5 38. Na7 $2 (38. Rd1 $18) 38... Qd6 $2 {[%mdl 8192]} (38... Rb8 $11 {and Black has nothing to worry.} 39. Qc6+ Kd8) 39. Nxc8 Rxc8 40. Qa6 d4 41. Rd1 e5 (41... Kd8 $142 42. a4 Qd5) 42. Qb5+ c6 43. Qxb6 Rb8 44. Qa7+ Ke8 (44... Qc7 {keeps fighting.} 45. Ra3 Rb7) 45. Rb3 Rxb3 46. axb3 Qd5 (46... Kf8 $142 47. Re1 c5) 47. Qg7 {White is clearly winning.} Qe6 48. Re1 e4 49. Qxd4 {Precision: White = 61%, Black = 40%.} 1-0

[Event "Reykjavik Chess Congress 2018"]
[Site "Reykjavik"]
[Date "2018.01.31"]
[Round "7"]
[White "Viglundsson, Bjorgvin"]
[Black "Davidsson, Oskar Vikingur"]
[Result "0-1"]
[WhiteElo "2167"]
[BlackElo "1854"]
[Annotator "TA"]
[PlyCount "30"]
[EventDate "2018.??.??"]
[EventType "swiss"]
[EventCountry "ISL"]
[SourceTitle "playchess.com"]
[Source "ChessBase"]
[SourceQuality "1"]

{[%evp 14,30,22,13,85,70,81,71,71,69,122,92,83,84,95,100,114,-973,-970]} 1. d4 Nf6 2. c4 e6 3. g3 b6 4. Bg2 d5 5. cxd5 exd5 6. Nc3 {E01: Katalanisch} Bb7 7. Nf3 (7. Bg5 Be7 8. Bxf6 Bxf6 9. e3 O-O 10. Nge2 g6 11. O-O a5 12. Rc1 c6 {½-½ (81) Najer,E (2706)-Moiseenko,V (2548) Sochi 2017}) 7... Be7 8. Qa4+ {LiveBook: 9 Partien. Die Stellung ist ausgeglichen.} Nbd7 (8... Qd7 $11) 9. Ne5 $16 O-O 10. Nc6 Bxc6 $146 ({Vorgänger:} 10... Qe8 11. Nxd5 Bxc6 12. Nxf6+ Bxf6 13. Bxc6 Rd8 14. O-O Qe6 {1-0 (33) Torres Agresott,A-Diaz,C (2049) Cali 2008}) 11. Qxc6 Rc8 (11... Bb4 $14) 12. O-O (12. Bxd5 Nxd5 13. Qxd5 c6 $14) 12... Nb8 13. Qb7 c5 14. dxc5 Rc7 15. Qa6 $2 {[%mdl 8192] [#]} (15. Qa8 $16) 15... Nxa6 0-1